The world book encyclopedia / (Record no. 9028)

MARC details
000 -LEADER
fixed length control field 00729nam a22002297a 4500
001 - CONTROL NUMBER
control field 9028
003 - CONTROL NUMBER IDENTIFIER
control field FISKH
005 - DATE AND TIME OF LATEST TRANSACTION
control field 20251114141806.0
008 - FIXED-LENGTH DATA ELEMENTS--GENERAL INFORMATION
fixed length control field 251114b cb ||||| |||| 00| 0 eng d
020 ## - INTERNATIONAL STANDARD BOOK NUMBER
International Standard Book Number 0716666960
040 ## - CATALOGING SOURCE
Original cataloging agency FISKH
Language of cataloging eng
Transcribing agency FISKH
Modifying agency FISKH
050 ## - LIBRARY OF CONGRESS CALL NUMBER
Classification number AE5 .W55
082 ## - DEWEY DECIMAL CLASSIFICATION NUMBER
Classification number 031
100 ## - MAIN ENTRY--PERSONAL NAME
Personal name World Book ,Inc
245 ## - TITLE STATEMENT
Title The world book encyclopedia /
Statement of responsibility, etc. By World Book Inc.
260 ## - PUBLICATION, DISTRIBUTION, ETC.
Place of publication, distribution, etc. London :
Name of publisher, distributor, etc. World Book Inc. ,
Date of publication, distribution, etc. 1996.
300 ## - PHYSICAL DESCRIPTION
Extent 510 pages :
Other physical details color illustrations, maps ;
Dimensions 25 cm .
490 ## - SERIES STATEMENT
Series statement World Book Encyclopedia Sets
520 ## - SUMMARY, ETC.
Summary, etc. An encyclopedia designed especially to meet the needs of elementary, junior high, and senior high school students.
942 ## - ADDED ENTRY ELEMENTS (KOHA)
Source of classification or shelving scheme Dewey Decimal Classification
Koha item type Books
Suppress in OPAC No
Holdings
Withdrawn status Lost status Source of classification or shelving scheme Damaged status Not for loan Collection Home library Current library Shelving location Date acquired Total Checkouts Full call number Barcode Date last seen Price effective from Koha item type
    Dewey Decimal Classification     Reference Footprints International School Library Network Toul Tom Poung Campus Footprints International School Library Network Toul Tom Poung Campus TTP Secondary Non-Fiction Bookshelves 11/14/2025   WOR 031 AE5 .W55 FIS03838 11/14/2025 11/14/2025 Books